000
00219nam a22000857a 4500
008
170111b xxu||||| |||| 00| 0 eng d
100
_9
2318
_a
Tandon.N.
245
_a
Statistics for Economics-XI
260
_a
New Delhi
_b
GPH
_c
2011
999
_c
5250
_d
5250